Представление документа в формате RUSMARC

ПолеНазваниеЗначение
  Тип записи a
  Библиографический уровень m
001 Контрольный номер 7fd9a6c92bcf47cb89d9739f6a267c7b
005 Дата корректировки 20190208132717.4
010 Индекс ISBN __
a ISBN 978-5-394-02189-3
d Цена 389 руб.
101 Язык документа 0_
a Язык текста rus
102 Страна публикации __
a Страна публикации RU
200 Заглавие и сведения об ответственности 1_
a Заглавие Организация торговли
e Сведения, относящиеся к заглавию учебник
f Первые сведения об ответственности Памбухчиянц О. В.
210 Выходные данные 1_
a Место издания М.
c Издательство Издательско- торговая корпорация "Дашков и Ко"
d Дата издания 2018
215 Физическое описание __
a Объем 296с.
610 Ключевые слова 0_
a Ключевые слова Оптовая торговля
a Ключевые слова розничнаая торговля
686 Индексы других классификаций __
a Классификационный индекс 65.422
700 Автор _1
a Фамилия Памбухчиянц О. В.
801 Источник записи _0
a Страна RU
b Организация РУК
g Правила каталогизации PSBO
801 Источник записи _1
a Страна RU
b Организация РУК
g Правила каталогизации PSBO
852 Данные о местонахождении __
i Авторский знак П 15
901 Тип документа __
t Тип документа m
937 Технологическая информация __
a Создатель записи (имя) Иванова
938 Служебная информация __
a Название организации Краснодарский филиал
952 Тип литературы __
b Гриф литературы для ВШ гриф
c Вид литературы учебник